Analysis of the Structure of Municipal Waste in Individual Regions of Slovakia in the Years 2011 - 2022
Odpadové hospodárstvo na Slovensku, zhodnotenie súčasného stavu a vývoja za posledné desaťročie. Analýza odpadového hospodárstva s osobitným zameraním na komunálny odpad. Analýza štruktúry komunálneho odpadu v jednotlivých regiónoch Slovenska, ktorá je založená na údajoch za roky 2011–2022, ktoré po...
Uložené v:
| Hlavný autor: | |
|---|---|
| Médium: | Kapitola |
| Jazyk: | English |
| Predmet: | |
| Tagy: |
Žiadne tagy, Buďte prvý, kto otaguje tento záznam!
|
MARC
| LEADER | 00000naa$a2200000$$$4500 | ||
|---|---|---|---|
| 001 | 0307323 | ||
| 005 | 20250226103725.3 | ||
| 041 | 0 | |a eng | |
| 044 | |a CZ | ||
| 245 | 1 | 0 | |a Analysis of the Structure of Municipal Waste in Individual Regions of Slovakia in the Years 2011 - 2022 |c Ľubica Hurbánková |
| 520 | |a Odpadové hospodárstvo na Slovensku, zhodnotenie súčasného stavu a vývoja za posledné desaťročie. Analýza odpadového hospodárstva s osobitným zameraním na komunálny odpad. Analýza štruktúry komunálneho odpadu v jednotlivých regiónoch Slovenska, ktorá je založená na údajoch za roky 2011–2022, ktoré pochádzajú z databázy Štatistického úradu SR. Napriek tomu, že Bratislavský kraj je rozlohou najmenší, vykazuje najvyššie hodnoty komunálneho odpadu spomedzi všetkých krajov Slovenska. | ||
| 610 | 2 | 0 | |a odpad komunálny |
| 610 | 2 | 0 | |a hospodárstvo odpadové |
| 610 | 2 | 0 | |a regióny |
| 610 | 2 | 0 | |a kraje |
| 610 | 2 | 0 | |a porovnanie regionálne |
| 610 | 2 | 0 | |a analýzy |
| 610 | 2 | 0 | |a environmentalistika |
| 610 | 2 | 0 | |a Slovensko |
| 100 | 1 | |a Hurbánková, Ľubica, 1980- | |